000 00561cam a2200193ua 4500
001 2193
008 110802n ii |||gr||||Z||||||eng
020 _a81-85475-95-4
040 _cMAIN
100 1 _aNigam, B. K.,
_eAuthor.
245 1 _aPrinciples and methods of comparative educational system
_cby B. K. Nigam
250 _a1st.
260 _aDelhi:
_bKanishka Publishers distributors,993.
300 _a355p:
_c23cm.
653 _aEducation
653 _aPrinciples and methods of comparative educational system
700 _aSharma, S. R.,
942 _cBK
999 _c2061
_d2061